<?xml version="1.0" encoding="UTF-8"?>
<record
    xmlns:xsi="http://www.w3.org/2001/XMLSchema-instance"
    xsi:schemaLocation="http://www.loc.gov/MARC21/slim http://www.loc.gov/standards/marcxml/schema/MARC21slim.xsd"
    xmlns="http://www.loc.gov/MARC21/slim">

  <leader>00462nam a22001817a 4500</leader>
  <controlfield tag="005">20260604132701.0</controlfield>
  <controlfield tag="008">260604b        |||||||| |||| 00| 0 eng d</controlfield>
  <datafield tag="020" ind1=" " ind2=" ">
    <subfield code="a">9788119680474</subfield>
    <subfield code="c">1995.00</subfield>
  </datafield>
  <datafield tag="040" ind1=" " ind2=" ">
    <subfield code="a">MAIN</subfield>
  </datafield>
  <datafield tag="041" ind1=" " ind2=" ">
    <subfield code="a">English</subfield>
  </datafield>
  <datafield tag="082" ind1=" " ind2=" ">
    <subfield code="a">650.072</subfield>
    <subfield code="b">RAV</subfield>
  </datafield>
  <datafield tag="100" ind1=" " ind2=" ">
    <subfield code="a">Ravinder, Kumar </subfield>
    <subfield code="9">25286</subfield>
  </datafield>
  <datafield tag="245" ind1=" " ind2=" ">
    <subfield code="a">Research Methodology in Business </subfield>
  </datafield>
  <datafield tag="260" ind1=" " ind2=" ">
    <subfield code="a">Delhi</subfield>
    <subfield code="b">Academic </subfield>
    <subfield code="c">2025</subfield>
  </datafield>
  <datafield tag="300" ind1=" " ind2=" ">
    <subfield code="a">408</subfield>
  </datafield>
  <datafield tag="650" ind1=" " ind2=" ">
    <subfield code="a">Management (PM USHA)</subfield>
    <subfield code="9">27020</subfield>
  </datafield>
  <datafield tag="942" ind1=" " ind2=" ">
    <subfield code="c">BK</subfield>
  </datafield>
  <datafield tag="999" ind1=" " ind2=" ">
    <subfield code="c">61013</subfield>
    <subfield code="d">61013</subfield>
  </datafield>
  <datafield tag="952" ind1=" " ind2=" ">
    <subfield code="0">0</subfield>
    <subfield code="1">0</subfield>
    <subfield code="2">ddc</subfield>
    <subfield code="4">0</subfield>
    <subfield code="6">650_072000000000000_RAV</subfield>
    <subfield code="7">1</subfield>
    <subfield code="9">94438</subfield>
    <subfield code="a">MAIN</subfield>
    <subfield code="b">MAIN</subfield>
    <subfield code="d">2026-06-04</subfield>
    <subfield code="o">650.072 RAV</subfield>
    <subfield code="p">34362</subfield>
    <subfield code="r">2026-06-04</subfield>
    <subfield code="w">2026-06-04</subfield>
    <subfield code="y">REF</subfield>
  </datafield>
  <datafield tag="952" ind1=" " ind2=" ">
    <subfield code="0">0</subfield>
    <subfield code="1">0</subfield>
    <subfield code="2">ddc</subfield>
    <subfield code="4">0</subfield>
    <subfield code="6">650_072000000000000_RAV</subfield>
    <subfield code="7">0</subfield>
    <subfield code="9">94439</subfield>
    <subfield code="a">MAIN</subfield>
    <subfield code="b">MAIN</subfield>
    <subfield code="d">2026-06-04</subfield>
    <subfield code="l">0</subfield>
    <subfield code="o">650.072 RAV</subfield>
    <subfield code="p">34363</subfield>
    <subfield code="r">2026-06-04</subfield>
    <subfield code="w">2026-06-04</subfield>
    <subfield code="y">BK</subfield>
  </datafield>
  <datafield tag="952" ind1=" " ind2=" ">
    <subfield code="0">0</subfield>
    <subfield code="1">0</subfield>
    <subfield code="2">ddc</subfield>
    <subfield code="4">0</subfield>
    <subfield code="6">650_072000000000000_RAV</subfield>
    <subfield code="7">0</subfield>
    <subfield code="9">94440</subfield>
    <subfield code="a">MAIN</subfield>
    <subfield code="b">MAIN</subfield>
    <subfield code="d">2026-06-04</subfield>
    <subfield code="l">0</subfield>
    <subfield code="o">650.072 RAV</subfield>
    <subfield code="p">34364</subfield>
    <subfield code="r">2026-06-04</subfield>
    <subfield code="w">2026-06-04</subfield>
    <subfield code="y">BK</subfield>
  </datafield>
  <datafield tag="952" ind1=" " ind2=" ">
    <subfield code="0">0</subfield>
    <subfield code="1">0</subfield>
    <subfield code="2">ddc</subfield>
    <subfield code="4">0</subfield>
    <subfield code="6">650_072000000000000_RAV</subfield>
    <subfield code="7">0</subfield>
    <subfield code="9">94441</subfield>
    <subfield code="a">MAIN</subfield>
    <subfield code="b">MAIN</subfield>
    <subfield code="d">2026-06-04</subfield>
    <subfield code="l">0</subfield>
    <subfield code="o">650.072 RAV</subfield>
    <subfield code="p">34365</subfield>
    <subfield code="r">2026-06-04</subfield>
    <subfield code="w">2026-06-04</subfield>
    <subfield code="y">BK</subfield>
  </datafield>
  <datafield tag="952" ind1=" " ind2=" ">
    <subfield code="0">0</subfield>
    <subfield code="1">0</subfield>
    <subfield code="2">ddc</subfield>
    <subfield code="4">0</subfield>
    <subfield code="6">650_072000000000000_RAV</subfield>
    <subfield code="7">0</subfield>
    <subfield code="9">94442</subfield>
    <subfield code="a">MAIN</subfield>
    <subfield code="b">MAIN</subfield>
    <subfield code="d">2026-06-04</subfield>
    <subfield code="l">0</subfield>
    <subfield code="o">650.072 RAV</subfield>
    <subfield code="p">34366</subfield>
    <subfield code="r">2026-06-04</subfield>
    <subfield code="w">2026-06-04</subfield>
    <subfield code="y">BK</subfield>
  </datafield>
</record>
